Wielka encyklopedia powszechna

Guardado en:
Detalles Bibliográficos
Formato: Libro
Lenguaje:polaco
Publicado: Warszawa Panstwowe Wydawnictwo Naukowe 1970
Etiquetas: Agregar Etiqueta
Sin Etiquetas, Sea el primero en etiquetar este registro!

MARC

LEADER 00000nam a2200000 4500
001 c121881
005 20041019155223.7
041 0 |a pol 
044 |a PL 
245 1 0 |a Wielka encyklopedia powszechna 
264 1 |a Warszawa  |b Panstwowe Wydawnictwo Naukowe  |c 1970 
300 |a 547 s.